Países que terminan por consonante - Estadísticas

Estadísticas generales
  • Esta prueba ha sido intentada 638 veces
  • La puntuación promedio es 51 de 63
Estadísticas de respuestas
País % Correcto
Japón
92%
Brasil
91%
Estados Unidos
90%
Portugal
90%
Afganistán
89%
Irán
88%
Pakistán
88%
Uzbekistán
88%
Azerbaiyán
87%
Irak
87%
Islas Marshall
85%
Kirguistán
85%
Sudán
85%
Turkmenistán
85%
Yemen
85%
Bahamas
84%
Bután
84%
Corea del sur
84%
Nepal
84%
Paraguay
84%
Ecuador
83%
Kazajistán
83%
Marruecos
83%
Omán
83%
Sudán del sur
83%
Uruguay
83%
Vietnam
83%
Barbados
82%
El Salvador
82%
Islas Salomón
82%
Israel
82%
Senegal
82%
Tayikistán
82%
Laos
81%
Túnez
81%
Bahrein
80%
Bangladés
80%
Catar
80%
Madagascar
80%
Surinam
80%
Emiratos Árabes Unidos
79%
Honduras
79%
Níger
79%
Benín
78%
Kuwait
78%
Seychelles
78%
Camerún
77%
Gabón
77%
Chad
76%
Comoras
76%
Guinea Ecuatorial
76%
Liechtenstein
76%
San Cristóbal y Nieves
76%
Singapur
76%
Taiwán
76%
Países Bajos
75%
Palaos
75%
Maldivas
74%
San Vicente y las Granadinas
74%
Costa de Marfil
73%
Filipinas
73%
Timor Oriental
73%
Myanmar
63%
No se encontraron pruebas coincidentes
Distribución de puntuación
Porcentaje de gente con cada puntuación
Porcentaje por número respondido
Historial de tus puntuaciones
No has intentado esta prueba.